| 000 | 01075cam a2200265 i 4500 | ||
|---|---|---|---|
| 003 | SA-RiAUC | ||
| 005 | 20250903083325.0 | ||
| 008 | 250901s2001 le g 000r0dara c | ||
| 040 |
_aSA-RiAUC _bara _cSA-RiAUC _erda |
||
| 043 | _aa-su--- | ||
| 082 | 0 | 4 | _a811.9531 |
| 090 |
_a811.9531 _bا س م |
||
| 100 | 1 |
_aالأسمري، محمد بن عبد الله بن محمد. _eمؤلف. |
|
| 245 | 1 | 2 |
_aالذاتية في شعر محمد عبد القادر فقيه / _cتأليف محمد عبد الله محمد آل سلطان الأسمري. |
| 250 | _aالطبعة الأولى. | ||
| 264 | 1 |
_aبيروت : _bدار طوق النجاة، _c[2001] |
|
| 300 |
_a276 صفحة ؛ _c24 سم |
||
| 336 |
_aنص _btxt _2rdacontent _3كتاب |
||
| 337 |
_aبدون وسيط _bn _2rdamedia |
||
| 338 |
_aمجلد _bnc _2rdacarrier |
||
| 600 | 1 | 7 |
_aفقيه، محمد عبد القادر، _d1338 هجري- _2aucnm |
| 650 | 7 |
_aالشعر العربي _zالسعودية _xتاريخ ونقد _2aucsh |
|
| 942 |
_2ddc _cBOOK _n0 |
||
| 949 |
_aSA-JeALM _d250901 _umohamedma123 _n1 |
||
| 999 |
_c11405 _d11405 |
||